| Tag |
First Indicator |
Second Indicator |
Subfields |
| LEADER |
00000cam a2200000 i 4500 |
| 001 |
in00003418366 |
| 005 |
20230106211523.4 |
| 006 |
m o d |
| 007 |
cr cn||||||||| |
| 008 |
131011t20132013enka ob 001 0 eng|d |
| 020 |
|
|
|z 9780745638980
|
| 020 |
|
|
|z 9780745638997
|
| 020 |
|
|
|a 9780745678894 (e-book)
|
| 035 |
|
|
|a (CaPaEBR)ebr10768966
|
| 035 |
|
|
|a (OCoLC)861536774
|
| 040 |
|
|
|a CaPaEBR
|b eng
|e rda
|e pn
|c CaPaEBR
|d UtOrBLW
|
| 050 |
1 |
4 |
|a JV6255
|b .H36 2013eb
|
| 082 |
0 |
4 |
|a 325.1
|
| 100 |
1 |
|
|a Hampshire, James.
|
| 245 |
1 |
4 |
|a The politics of immigration :
|b contradictions of the liberal state /
|c James Hampshire.
|
| 264 |
|
1 |
|a Cambridge, UK :
|b Polity Press,
|c [2013]
|
| 264 |
|
4 |
|c ©2013
|
| 300 |
|
|
|a 1 online resource (195 pages) :
|b illustration
|
| 336 |
|
|
|a text
|b txt
|2 rdacontent
|
| 337 |
|
|
|a computer
|b c
|2 rdamedia
|
| 338 |
|
|
|a online resource
|b cr
|2 rdacarrier
|
| 504 |
|
|
|a Includes bibliographical references and index.
|
| 588 |
|
|
|a Description based on online resource; title from PDF title page (ebrary, viewed October 10, 2013).
|
| 500 |
|
|
|a Electronic resource.
|
| 650 |
|
0 |
|a Emigration and immigration
|x Political aspects.
|
| 650 |
|
0 |
|a Emigration and immigration
|x Government policy.
|
| 650 |
|
0 |
|a Transnationalism
|x Political aspects.
|
| 650 |
|
0 |
|a Transnationalism
|x Government policy.
|
| 655 |
|
7 |
|a Electronic books.
|2 local
|
| 710 |
2 |
|
|a ebrary, Inc.
|
| 856 |
4 |
0 |
|u https://ebookcentral.proquest.com/lib/tamucs/detail.action?docID=4029805
|z Connect to the full text of this electronic book
|t 0
|
| 980 |
|
|
|a 131023
|b 28.5
|c USD
|e 28.5
|f YBP_EBR0000072177
|g 1
|
| 999 |
|
|
|a MARS
|
| 999 |
f |
f |
|s 2ea93673-d997-32af-bfe1-b80571f88192
|i b0bc180e-6684-34a5-bd76-bedbdbc10c47
|t 0
|
| 952 |
f |
f |
|a Texas A&M University
|b College Station
|c Electronic Resources
|d Available Online
|t 0
|e JV6255 .H36 2013eb
|h Library of Congress classification
|
| 998 |
f |
f |
|a JV6255 .H36 2013eb
|t 0
|l Available Online
|